| 000 | 00678nam a22002177a 4500 | ||
|---|---|---|---|
| 005 | 20250506151016.0 | ||
| 010 | _aENG-144818 | ||
| 020 |
_c9789391962128 _a695.00 |
||
| 035 | _aEN-128350 | ||
| 037 | _bDBAD | ||
| 082 | _a381.41 | ||
| 100 |
_aUgandher, Gauda _981028 |
||
| 245 |
_aBuyer and Seller Relations/ _cGauda Ugandher [and] T. Yadagiri Rao |
||
| 250 | _a1 | ||
| 260 |
_aNew Delhi _bAvni Publications _c2022 |
||
| 270 |
_aRZ-40-D,Gali No.2,Main Sagar Pur, _bNew Delhi _e110046 |
||
| 300 |
_a209p.. _c22cm(Hb) |
||
| 500 | _aAgriculture Marketing Strategy in Telangana State | ||
| 700 |
_aRao, T. Yadagiri _981029 |
||
| 942 |
_2ddc _cEN _h381.41 _mUGA |
||
| 999 |
_c211157 _d211157 |
||